| 000 | 00648nam a2200217 u 4500 | ||
|---|---|---|---|
| 005 | 20250221063814.0 | ||
| 008 | 160526s2013 r 000 0 eng d | ||
| 020 | _a9789502414348 | ||
| 035 | _aUPN01000210740 | ||
| 049 | _aCG | ||
| 050 | 4 |
_aHQ769 _bL3.4 |
|
| 100 | 1 |
_aLanden, Paula Alejandra _939153 |
|
| 245 | 1 | 3 |
_aEl libro de las interacciones tempranas : _b¡prohibida la educación a distancia! / _cPaula Landen. |
| 260 |
_aBuenos Aires : _bAlbatros, _c2013. |
||
| 300 |
_a128 p. : _bil., tablas |
||
| 650 | 4 |
_aCrianza de niños _96222 |
|
| 650 | 4 |
_aDesarrollo infantil _9176 |
|
| 905 | _aLibro | ||
| 999 |
_c182841 _d182841 |
||